Сравнительная оценка опасности отходов горнодобывающих и нефтедобывающих предприятий с применением метода биотестирования; Проблемы геологии и освоения недр; Т. 1

গ্রন্থ-পঞ্জীর বিবরন
Parent link:Проблемы геологии и освоения недр: труды XXIII Международного симпозиума имени академика М. А. Усова студентов и молодых ученых, посвященного 120-летию со дня рождения академика К. И. Сатпаева, 120-летию со дня рождения профессора К. В. Радугина, Томск, 8-12 апреля 2019 г./ Национальный исследовательский Томский политехнический университет, Инженерная школа природных ресурсов ; гл. ред. А. С. Боев ; под ред. Е. Ю. Пасечник.— , 2019
Т. 1.— 2019.— [С. 593-595]
প্রধান লেখক: Кучумова Е. Е.
সংস্থা লেখক: Национальный исследовательский Томский политехнический университет Инженерная школа природных ресурсов Отделение геологии
অন্যান্য লেখক: Азарова С. В. Светлана Валерьевна (научный руководитель), Климова А. А.
সংক্ষিপ্ত:Заглавие с экрана
ভাষা:রুশ
প্রকাশিত: 2019
মালা:Геоэкология, охрана и защита окружающей среды. Геоинформационные системы в геоэкологии
বিষয়গুলি:
অনলাইন ব্যবহার করুন:http://earchive.tpu.ru/handle/11683/56049
বিন্যাস: বৈদ্যুতিক গ্রন্থের অধ্যায়
KOHA link:https://koha.lib.tpu.ru/cgi-bin/koha/opac-detail.pl?biblionumber=629917

MARC

LEADER 00000naa2a2200000 4500
001 629917
005 20231101133602.0
035 |a (RuTPU)RU\TPU\conf\30725 
035 |a RU\TPU\conf\30722 
090 |a 629917 
100 |a 20191007d2019 k y0rusy50 ca 
101 0 |a rus 
102 |a RU 
105 |a y z 100zy 
135 |a drcn ---uucaa 
181 0 |a i  
182 0 |a b 
200 1 |a Сравнительная оценка опасности отходов горнодобывающих и нефтедобывающих предприятий с применением метода биотестирования  |f Е. Е. Кучумова  |g науч. рук. С. В. Азарова, А. А. Климова 
203 |a Текст  |c электронный 
225 1 |a Геоэкология, охрана и защита окружающей среды. Геоинформационные системы в геоэкологии 
230 |a 1 компьютерный файл (pdf; 341 Kb) 
300 |a Заглавие с экрана 
320 |a [Библиогр.: с. 595 (4 назв.)] 
461 1 |0 (RuTPU)RU\TPU\conf\30471  |t Проблемы геологии и освоения недр  |o труды XXIII Международного симпозиума имени академика М. А. Усова студентов и молодых ученых, посвященного 120-летию со дня рождения академика К. И. Сатпаева, 120-летию со дня рождения профессора К. В. Радугина, Томск, 8-12 апреля 2019 г.  |o в 2 т.  |f Национальный исследовательский Томский политехнический университет, Инженерная школа природных ресурсов ; гл. ред. А. С. Боев ; под ред. Е. Ю. Пасечник  |d 2019 
463 1 |0 (RuTPU)RU\TPU\conf\30473  |t Т. 1  |v [С. 593-595]  |d 2019 
610 1 |a труды учёных ТПУ 
610 1 |a электронный ресурс 
610 1 |a сравнительная оценка 
610 1 |a опасные отходы 
610 1 |a горнодобывающие предприятия 
610 1 |a нефтедобывающие предприятия 
610 1 |a биотестирование 
610 1 |a токсичность 
700 1 |a Кучумова  |b Е. Е. 
702 1 |a Азарова  |b С. В.  |c геохимик  |c старший преподаватель Томского политехнического университета, кандидат геолого-минералогических наук  |f 1979-  |g Светлана Валерьевна  |2 stltpush  |4 727 
702 1 |a Климова  |b А. А.  |4 727 
712 0 2 |a Национальный исследовательский Томский политехнический университет  |b Инженерная школа природных ресурсов  |b Отделение геологии  |h 8083  |2 stltpush  |3 (RuTPU)RU\TPU\col\23542 
801 2 |a RU  |b 63413507  |c 20191010  |g RCR 
856 4 |u http://earchive.tpu.ru/handle/11683/56049 
942 |c BK